Sports Quiz

Random Sports or NFL Quiz
Score 0/15 Timer 05:00
1 Play Today
Hint Answer % Correct
Passing Yards (Week 6)Aaron Rodgers
97.7%
Passing Yards (Week 6)Joe Flacco
97.4%
Passing Yards (Week 6)Andy Dalton
92.9%
Rushing Yards (Week 6)Arian Foster
89.6%
Passing Yards (Week 6)Carson Palmer
86.3%
Rushing Yards (Week 6)LeSean McCoy
85.8%
Receiving Yards (Week 6)Larry Fitzgerald
81%
Rushing Yards (Week 6)Eddie Lacy
78.6%
Hint Answer % Correct
Rushing Yards (Week 6)Ryan Mathews
70.5%
Receiving Yards (Week 6)Vernon Davis
69.7%
Passing Yards (Week 6)Chad Henne
66.9%
Receiving Yards (Week 6)Josh Gordon
63%
Receiving Yards (Week 6)Justin Blackmon
61.9%
Rushing Yards (Week 6)Brandon Jacobs
60.6%
Receiving Yards (Week 6)Riley Cooper
46.7%
Remove Ads.
Support Sporcle.
Get the best of Sporcle when you Go Orange. This ad-free experience offers more features, more stats, and more fun while also helping to support Sporcle. Thank you for becoming a member.

You're not logged in!

Compare scores with friends on all Sporcle quizzes.
OR
Log In

Show Comments

Extras

Top Quizzes Today


Score Distribution

Your Account Isn't Verified!

In order to create a playlist on Sporcle, you need to verify the email address you used during registration. Go to your Sporcle Settings to finish the process.

Report this User

Report this user for behavior that violates our Community Guidelines.

Details: